[Event "BAN Marcel 1st Div"]
[Site "Dhaka"]
[Date "2018.01.03"]
[Round "5.1"]
[White "Mohammed, Tajul Islam"]
[Black "Ghosh, Chanchal Kumer"]
[Result "1/2-1/2"]
[WhiteElo "1890"]
[BlackElo "2176"]
[PlyCount "123"]
[EventDate "2017.12.30"]
[EventType "team-tourn"]
[EventRounds "9"]
[EventCountry "BAN"]
[SourceTitle "CBM 182 Extra"]
[Source "ChessBase"]
[SourceDate "2018.02.23"]
[SourceVersion "1"]
[SourceVersionDate "2018.02.23"]
[SourceQuality "1"]
[WhiteTeam "Mir CC"]
[BlackTeam "Janata Bank Officer Welfare"]
[WhiteTeamCountry "BAN"]
[BlackTeamCountry "BAN"]

1. d4 Nf6 2. Bg5 Ne4 3. Bh4 d5 4. f3 Nd6 5. Nd2 c6 6. c3 Bf5 7. Bg3 e6 8. e3 Be7 9. Ne2 Nd7 10. Bf2 e5 11. Ng3 Bg6 12. Nb3 h5 13. Bd3 h4 14. Ne2 e4 15. fxe4 Bxe4 16. 0-0 Nf6 17. Nc5 Bxd3 18. Qxd3 b6 19. Nb3 Nde4 20. h3 Qc7 21. c4 g5 22. cxd5 cxd5 23. Qb5+ Kf8 24. Rac1 Qb8 25. Rc2 Bd6 26. Be1 Kg7 27. Nd2 Bh2+ 28. Kh1 Nd6 29. Qd3 Nfe4 30. Nxe4 Nxe4 31. Qb5 Rd8 32. Rf5 Qd6 33. Nc3 Nxc3 34. bxc3 a6 35. Qf1 f6 36. Qf3 Rd7 37. c4 Rf7 38. Rxd5 Qc7 39. c5 Rd8 40. Rf5 bxc5 41. Rcxc5 Qb8 42. Rc1 Qb2 43. Rfc5 Bb8 44. Bf2 Qxa2 45. Bg1 a5 46. Rb5 a4 47. Rcb1 Bg3 48. e4 Re7 49. e5 fxe5 50. Qf5 Bf4 51. dxe5 Qe6 52. Qe4 Qg6 53. Qxa4 Bxe5 54. Qa5 Qe4 55. Re1 Qf4 56. Rbb1 Re6 57. Rf1 Qe4 58. Rfc1 Qd3 59. Rd1 Qg6 60. Qb5 g4 61. hxg4 h3 62. Qb7+ 1/2-1/2

[Event "BAN Marcel 1st Div"]
[Site "Dhaka"]
[Date "2017.12.31"]
[Round "2.1"]
[White "Md Rafikul, Islam"]
[Black "Mohammed, Tajul Islam"]
[Result "1-0"]
[WhiteElo "1944"]
[BlackElo "1890"]
[PlyCount "117"]
[EventDate "2017.12.30"]
[EventType "team-tourn"]
[EventRounds "9"]
[EventCountry "BAN"]
[SourceTitle "CBM 182 Extra"]
[Source "ChessBase"]
[SourceDate "2018.02.23"]
[SourceVersion "1"]
[SourceVersionDate "2018.02.23"]
[SourceQuality "1"]
[WhiteTeam "Mohakhali Pradip Sangah"]
[BlackTeam "Mir CC"]
[WhiteTeamCountry "BAN"]
[BlackTeamCountry "BAN"]

1. e4 d6 2. d4 c5 3. dxc5 Qa5+ 4. Nc3 Qxc5 5. Be3 Qa5 6. Nf3 Nf6 7. Bd3 g6 8. 0-0 Bg7 9. h3 0-0 10. Re1 Nc6 11. a3 Bd7 12. Qd2 Ne5 13. Nxe5 Qxe5 14. f4 Qa5 15. b4 Qc7 16. Bd4 e5 17. fxe5 dxe5 18. Bc5 Rfc8 19. Nd5 Nxd5 20. exd5 b6 21. Be3 Re8 22. Bf1 b5 23. Bc5 a6 24. c4 Qd8 25. a4 bxc4 26. Bxc4 Qh4 27. Bb3 Qg3 28. Qe3 Qxe3+ 29. Rxe3 Kh8 30. d6 f5 31. Bd5 Rab8 32. a5 h5 33. Rb1 Kh7 34. Ba7 e4 35. Ra3 Rb5 36. Bc4 Rb7 37. Bb6 Bb5 38. Bxb5 axb5 39. Rd1 Rd7 40. a6 Ra8 41. a7 Be5 42. Bc5 f4 43. Ra5 e3 44. Kf1 Bf6 45. Rxb5 Raxa7 46. Bxa7 Rxa7 47. Ra5 Rd7 48. Rc5 Bd8 49. b5 Kh6 50. Rc6 Rb7 51. Rb1 Bh4 52. Rc7 Rb6 53. Rc6 Rb8 54. b6 Ra8 55. b7 Ra2 56. b8Q Rf2+ 57. Kg1 Bf6 58. Qf8+ Bg7 59. Qf7 1-0